Taylor Swift - Devine la chanson sans indices #14 - Statistiques

Statistiques générales
  • Ce quiz a été pris 598 fois
  • Le résultat moyen est 285 sur 390
Statistiques - réponses
Réponse % Correct
I
100%
a
97%
Ah,
97%
(Haha)
97%
you
97%
You
97%
the
92%
The
92%
me
90%
me),
90%
an
89%
He
89%
he
89%
(He
89%
love
89%
it
88%
it"
88%
your
88%
do
86%
my
84%
was
84%
when
84%
and
83%
And
83%
can
82%
I'm
80%
of
80%
you're
80%
But
79%
but
79%
so
79%
that
79%
with
79%
said,
77%
said
77%
her
76%
in
76%
In
76%
it's
76%
They
76%
heart
75%
like
75%
all
74%
All
74%
am
74%
broken
74%
did
74%
know
74%
life"
74%
life
74%
time
74%
too
74%
for
73%
'Cause
72%
his
72%
every
69%
mind
69%
read
69%
this
69%
(1,
68%
make
68%
real
68%
Even
67%
even
67%
him,
67%
"She's
67%
short
67%
smile
67%
camera,
66%
good
66%
kid
66%
"More"
66%
shit
66%
2,
65%
die
65%
down,
65%
having
65%
lights
65%
Lights,
65%
3,
64%
bitch,
64%
day
64%
handle
64%
hit
64%
4)
63%
art
63%
as
63%
cry
63%
fake
63%
floor
63%
birthday
62%
Breaking
62%
pieces
62%
'til
62%
wanna
62%
been
61%
chanting,
61%
crowd
61%
lot,
61%
tough
61%
act
60%
productive,
60%
depressed,
59%
I've
59%
2,
58%
obsessed
58%
avoids
57%
he'd
57%
left
56%
quite
56%
show
56%
"Babe,
55%
come
54%
gotta
54%
There
54%
doin'
53%
plague
53%
since
53%
marks
52%
miserable
52%
shattered
52%
try
52%
breath
51%
night
51%
hold
50%
job
50%
knows
50%
hittin'
49%
winnin'
48%
nobody
46%
lies
43%
pass
43%
test
43%
didn't
40%
off
40%
thing
40%
silhouette
37%
glittering
36%
grinnin'
36%
keep
36%
sure
36%
prime
33%
imagine
31%
things
31%
evidence
30%
finding
30%
whole
30%
Crucial
29%
sequin
29%
stars
28%
drawers
26%
miles
25%
stilettos
21%
refract
17%
Aucun quiz correspondant
Distribution des résultats
% des personnes avec chaque résultat
Percentile par nombre de réponses
Votre historique - résultats
Vous n’avez pas pris ce quiz